000 00957nam a2200337 a 4500
003 AR-BaBNM
005 20251128205203.0
008 082120s2002 ||||||||||||||000 | spa||
020 _a968-16-3618-X
040 _cAR-BaBNM
100 1 _aGombrich, Ernst H.
245 0 0 _aTributos
_bversión cultural de nuestras tradiciones
260 _aMéxico, D.F.
_bFondo de Cultura Económica
_c1991
300 _a247 p.
_bgráfs., il.
490 0 _aSección de obras de historia
500 _aNota bibliográfica p. 243-244
600 1 4 _aBoas, George
600 1 4 _aFreud, Sigmund
600 1 4 _aWarburg, Aby
600 1 4 _aHuizinga, Johan
600 1 4 _aYates, Frances A.
600 1 4 _aKris, Ernst
650 4 _aHISTORIA DEL ARTE
650 4 _aHISTORIA Y ESTUDIOS CONEXOS
650 4 _aHISTORIADORES
650 4 _aHISTORIA EUROPEA
650 4 _aHISTORIA CULTURAL
700 1 _aMontelongo, Alonso
_etraductor
942 _cBK
998 _cMARTIN
999 _c10364
_d10364